Statistics for Mean Girls quotes/quiz

Click here to take the quiz!

General Stats

  • This quiz has been taken 693 times
  • The average score is 8 of 15

Answer Stats

HintAnswer% Correct
" OK, That is so ____ ! "Fetch
99%
Where did Cady come from?Africa
97%
" Cady do you even knows who sings this?" "Umm.. ______ Girls?"Spice
80%
How old was Cady?16
79%
" Made out with A ___ ___!?!"hot dog
79%
" Four for you ____ _____!" "You go ____ ____!"Glen Coco
74%
" Would you like me to _____ your muffins?"Butter
67%
" Miss Wieners, why would Regina refer herself to a fugly ____?"slut
60%
Who was the lesbian?Janis
55%
The backbuilding burned down in ___1987
34%
" WE SHOULD TOTALLY JUST STAB _______!!!!!"Caesar
34%
What was the profession of Cady's parents?Zoologist
24%
Who played Mr Duvall?Tim Meadows
8%
" Not one of those ______ boys are cute.. "Marymount
7%
Who played Kevin Gnapoor?Rajiv Surendra
2%

Score Distribution

Percentile by Number Answered

Percent of People with Each Score

Your Score History

You have not taken this quiz